00952nam a22002297i 4500003000900000008004100009020002200050040007100072082003300143100003200176245003100208260008700239300002900326505020100355650002300556650001800579650002600597650002900623650002400652650002300676856002300699AR-CdUCM231026b20212021pe a|||| |||| 001 0 spa d a978-612-48371-1-1 aMUNICIPALIDAD PROVINCIAL DEL CUSCOcBIBLIOTECA MUNICIPAL DEL CUSCO a510.7 / M26 / V.IbM26 / V.I aMarconi Quispe, Paco Wilson aMatemática Superior VI / aLa Convención-Cusco :bUniversidad Nacional Intercultural de Quillabamba,c2021. a221 páginas. :c20 cm. aVectores en el plano cartesiano -- Proyección de vectores -- La circunferencia -- Regla de sarrus -- Números complejos -- Matrices y determinantes -- Método de gauss -- Programación lineal aVectores, la recta aLa parábola aSistema de ecuaciones aMatrices y determinantes aNúmeros complejos a La circunferencia fhttp://www.unig.pe